000 01125nam a2200313 i 4500
001 000008144
003 DO-SdBNP
005 20260422094930.0
007 ta
008 090915s1988 dr 000 0 spa d
020 _a8489532004
040 _aDO-SdBNP
_bspa
_cBNPHU
_erda
041 _aspa
049 _aBNPD
082 4 _axxx
_bA958l
_222
100 1 _aAvilés Blonda, Máximo,
_d1931-1988
_eautor
_4aut.
_97914
245 1 0 _aLlueve y es que es mayo...dulce señora /
_cMáximo Avilés Blonda ; ilustraciones, Ángel Hache ; prólogo, María del Carmen Prosdocimi de Rivera
260 _aSanto Domingo :
_bTolle lege,
_c1988.
264 _aSanto Domingo :
_bEdiciones Tolle Lege,
300 _a124 páginas :
_bilustraciones ;
_c23 cm.
336 _atexto
_btxt
_2rdacontent
337 _asin mediación
_bn
_2rdamedia
338 _avolumen
_bnc
_2rdacarrier
500 _aIncluye datos biográficos del autor en la contracubierta
500 _aEdición póstuma
700 1 _aÁngel Hache,
_eilustrador
_4il.
_989386
700 1 _aProsdocimi Rivera, María del Carmen de,
_eprologuista
_4pr.
_989387
942 _2ddc
_cLBS1
999 _c7921
_d7921